Histórias do barco da velha (Registo nº 4681)

Detalhes MARC
000 -Etiqueta do registo
Cabeçalho 00834nam0a2200277 4500
005 - Identificador da versão
Campo de controlo 20240813122109.0
010 ## - Número internacional normalizado dos livros (ISBN)
Número (ISBN) 9789898213266
021 ## - Número do Depósito Legal
Código do país PT
Número 305857/10
003 - Persistent Record Identifier
control field http://id.bnportugal.gov.pt/bib/porbase/2425474
100 ## - Dados gerais de processamento
Dados gerais de processamento 20190520d2010 c y0pory5003 ba
102 ## - Pais de publicação ou produção
País de publicação Portugal
101 0# - Língua de publicação
Língua do texto, banda sonora, etc. Português
215 ## - Descrição física 
Indicação específica da natureza do documento e extensão da espécie [32] p.
Outras indicações físicas il. color
200 1# - Titulo e menção de responsabilidade
Título próprio Histórias do barco da velha
Primeira menção de responsabilidade Pedro Teixeira Neves
Outras menções de responsabilidade il. Rute Reimão
225 2# - Colecção 
Título próprio da colecção Oito por um cordel
Indicação de volume 3
205 ## - Menção da edição
Menção da edição 1ª ed
210 ## - Publicação, Distribuição, etc. 
Lugar da edição, distribuição, etc. Porto
Nome do editor, distribuidor, etc. Trinta por uma Linha
Data da publicação, distribuição, etc. 2010
606 ## - Nome comum usado como assunto
Número de registo de entrada de autoridade 0001335
Palavra de ordem Literatura portuguesa
Subdivisão de assunto Conto
Código do sistema CA
675 ## - Classificação Decimal Universal (CDU)
Notação 821.134.3-34
Edição 3ª ed.
Língua da edição por
702 #1 - Nome de autor-pessoa física (responsabilidade secundária)
Número de registo de entrada de autoridade 0002131
Palavra de ordem Reimão
Outra parte do nome não tomada para palavra de ordem Rute
Datas 1972-
Código de função Ilustrador / Técnico de desenho computorizado
700 #1 - Nome de autor-pessoa física (responsabilidade principal)
Número de registo de entrada de autoridade 0002130
Palavra de ordem Neves
Outra parte do nome não tomada para palavra de ordem Pedro Teixeira
Datas 1969-
966 ## - Identificação da Biblioteca
Sigla EBVEN
942 ## - Elementos de entrada adicionados (Koha)
Tipo de item no Koha Livro
Exemplares
Situação do levantamento Origin of item (home branch) (coded) Biblioteca de empréstimo Código de barras Cota Circulation type (not for loan) Tipo de documento Nota do exemplar Damaged status
  Biblioteca Escolar das Vendas Biblioteca Escolar das Vendas BEV2131 8POR NEV   Livro Sem mensagem